Piłka nożna - Klub 100 w polskiej ekstraklasie - Statystyki

Ogólne statystyki
  • Ten quiz został rozwiązany 928 razy
  • Średni wynik to 6 z 31
Statystyki odpowiedzi
Imię i nazwisko Bramki % Poprawnych
Paweł Brożek 149
63%
Tomasz Frankowski 168
59%
Grzegorz Lato 111
58%
Maciej Żurawski 121
48%
Włodzimierz Lubański 155
45%
Ernest Pol 186
39%
Marcin Robak 114
38%
Lucjan Brychczy 182
35%
Piotr Reiss 108
35%
Marek Saganowski 100
31%
Andrzej Szarmach 109
30%
Ernest Wilimowski 112
27%
Gerard Cieślik 167
25%
Henryk Reyman 109
15%
Kazimierz Kmiecik 153
14%
Teodor Anioła 138
14%
Jerzy Podbrożny 122
12%
Mariusz Śrutwa 103
9%
Marek Koniarek 104
8%
Teodor Peterek 154
6%
Fryderyk Scherfke 131
5%
Jan Liberda 145
5%
Joachim Marx 102
4%
Andrzej Jarosik 113
3%
Artur Woźniak 101
3%
Józef Nawrot 114
3%
Karol Kossok 103
3%
Michał Matyas 106
3%
Eugeniusz Faber 104
2%
Eugeniusz Lerch 106
2%
Władysław Król 104
2%
Nie znaleziono quizów pasujących do podanych kryteriów
Rozkład punktacji
Procent ludzi z każdym wynikiem
Percentyl według liczby udzielonych odpowiedzi
Twoja historia wyników
Nie rozwiązałeś tego quizu